Revolución y caudillos (Record no. 24088)

MARC details
000 -LEADER
campo de control de longitud fija 00710cam a2200217 a 4500
003 - IDENTIFICADOR DE NÚMERO DE CONTROL
campo de control CO-PeBPM
005 - FECHA Y HORA DE LA ÚLTIMA TRANSACCIÓN
campo de control 20250626092438.0
008 - DATOS DE LONGITUD FIJA--INFORMACIÓN GENERAL
campo de control de longitud fija 231129e1974||||xx |||||||||||||| ||spa||
040 0# - FUENTE DE CATALOGACIÓN
Centro catalogador/agencia de origen CO-PeBPM
Lengua de catalogación spa
Centro/agencia transcriptor CO-PeBPM
Normas de descripción rda
041 0# - CÓDIGO DE IDIOMA
Código de lengua del texto/banda sonora o título independiente spa
082 ## - NÚMERO DE LA CLASIFICACIÓN DECIMAL DEWEY
Número de clasificación 301.1553 M828r
100 ## - ENTRADA PRINCIPAL--NOMBRE DE PERSONA
Nombre de persona Morales Bení­tez, Otto
Término indicativo de función/relación autor
245 10 - MENCIÓN DEL TÍTULO
Título Revolución y caudillos
Mención de responsabilidad, etc. / Otto Morales Benitez
260 ## - PUBLICACIÓN, DISTRIBUCIÓN, ETC.
Lugar de publicación, distribución, etc. Venezuela
Nombre del editor, distribuidor, etc. Universidad de los Andes/Ediciones del Rectorado
Fecha de publicación, distribución, etc. 1974
300 ## - DESCRIPCIÓN FÍSICA
Extensión 290 Páginas
Dimensiones ; 18 centímetros
500 ## - NOTA GENERAL
Nota general Incluye Índice
504 ## - NOTA DE BIBLIOGRAFÍA, ETC.
Nota de bibliografía, etc. Incluye Bibliografía
650 ## - PUNTO DE ACCESO ADICIONAL DE MATERIA--TÉRMINO DE MATERIA
Término de materia o nombre geográfico como elemento de entrada Colombia -- Historia -- Colonia, 1550-1810
Fuente del encabezamiento o término LEMB
650 ## - PUNTO DE ACCESO ADICIONAL DE MATERIA--TÉRMINO DE MATERIA
Término de materia o nombre geográfico como elemento de entrada Colombia -- Política y gobierno
Fuente del encabezamiento o término LEMB
942 ## - ELEMENTOS DE ENTRADA SECUNDARIOS (KOHA)
Fuente del sistema de clasificación o colocación Clasificación Decimal Dewey
Tipo de ítem Koha Libros
Holdings
Estatus retirado Estado de pérdida Fuente del sistema de clasificación o colocación Estado de daño No para préstamo Colección Biblioteca de origen Biblioteca actual Ubicación en estantería Fecha de adquisición Total de préstamos Signatura topográfica completa Código de barras Visto por última vez Copia número Precio de reemplazo Tipo de ítem Koha
    Clasificación Decimal Dewey     General BIBLIOTECA PÚBLICA MUNICIPAL RAMON CORREA MEJIA BIBLIOTECA PÚBLICA MUNICIPAL RAMON CORREA MEJIA Colección general 09/07/2009   301.1553 M828r 6964 29/11/2023 Ej.1 29/11/2023 Libros

Powered by Koha